[Event "Copa Ciudad de Berazategui 2008"]
[Site "Berazategui ARG"]
[Date "2008.05.01"]
[Round "1.1"]
[White "Zarnicki, Pablo"]
[Black "Gomez Jimenez, Ruben"]
[Result "1-0"]
[WhiteElo "2515"]
[BlackElo "1890"]
[PlyCount "43"]
[EventDate "2008.05.01"]
[EventType "swiss"]
[EventRounds "7"]
[EventCountry "ARG"]
[Source "lmi"]
[SourceDate "2008.05.01"]

1. e4 e5 2. Nf3 Nf6 3. Nxe5 Nxe4 4. Qe2 Qe7 5. Qxe4 d6 6. d4 Nc6 7. Bb5 Bd7 8.
Nc3 dxe5 9. Nd5 Qd6 10. dxe5 Nxe5 11. Bf4 f6 12. Bxd7+ Qxd7 13. Bxe5 fxe5 14.
Qxe5+ Kd8 15. O-O-O Bd6 16. Qg5+ Kc8 17. Rhe1 b6 18. Ne7+ Kb7 19. Nf5 Qa4 20.
Nxd6+ cxd6 21. Qd5+ Ka6 22. Re3 1-0

[Event "Copa Ciudad de Berazategui 2008"]
[Site "Berazategui ARG"]
[Date "2008.05.01"]
[Round "1.2"]
[White "Pineiro, Dario"]
[Black "Mareco, Sandro"]
[Result "0-1"]
[WhiteElo "1918"]
[BlackElo "2470"]
[PlyCount "66"]
[EventDate "2008.05.01"]
[EventType "swiss"]
[EventRounds "7"]
[EventCountry "ARG"]
[Source "lmi"]
[SourceDate "2008.05.01"]

1. e4 e5 2. Nf3 Nc6 3. Bb5 a6 4. Ba4 Nf6 5. O-O Be7 6. Re1 b5 7. Bb3 d6 8. c3
O-O 9. d4 Bg4 10. d5 Na5 11. Bc2 c6 12. h3 Bxf3 13. Qxf3 cxd5 14. exd5 Nc4 15.
Nd2 Nb6 16. Nf1 Rc8 17. Ne3 g6 18. a4 Rc5 19. Rd1 bxa4 20. Bxa4 Ra5 21. b3 Nxa4
22. bxa4 Qd7 23. Ba3 Rxa4 24. c4 Rb8 25. Qe2 Rb3 26. Bb2 Ne4 27. Qc2 Nc5 28.
Rxa4 Qxa4 29. Ra1 Qb4 30. Bc1 Qe1+ 31. Nf1 Bg5 32. Bb2 Qb4 33. Bc1 Rc3 0-1

[Event "Copa Ciudad de Berazategui 2008"]
[Site "Berazategui ARG"]
[Date "2008.05.01"]
[Round "1.5"]
[White "Liascovich, Lucas"]
[Black "Reinoso, Ernesto"]
[Result "1-0"]
[WhiteElo "2419"]
[BlackElo "1876"]
[PlyCount "51"]
[EventDate "2008.05.01"]
[EventType "swiss"]
[EventRounds "7"]
[EventCountry "ARG"]
[Source "lmi"]
[SourceDate "2008.05.01"]

1. d4 f5 2. Bg5 Nf6 3. Bxf6 exf6 4. e3 g6 5. h4 h5 6. Nh3 Bh6 7. Qf3 Qe7 8. Nc3
c6 9. Nf4 Kf7 10. Bc4+ Kg7 11. d5 Re8 12. O-O-O b5 13. d6 Qd8 14. Bd3 Bxf4 15.
Qxf4 b4 16. Ne2 Qa5 17. Qg3 Kh7 18. Nf4 Rg8 19. Bc4 Rg7 20. Qf3 Kh6 21. Rh3 Ba6
22. Rg3 Bxc4 23. Rxg6+ Kh7 24. Qxh5+ Kg8 25. Rxg7+ Kxg7 26. Qg6+ 1-0

[Event "Copa Ciudad de Berazategui 2008"]
[Site "Berazategui ARG"]
[Date "2008.05.01"]
[Round "1.6"]
[White "Semprevivo, Florencia"]
[Black "Barrionuevo, Pablo"]
[Result "0-1"]
[WhiteElo "1856"]
[BlackElo "2401"]
[PlyCount "98"]
[EventDate "2008.05.01"]
[EventType "swiss"]
[EventRounds "7"]
[EventCountry "ARG"]
[Source "lmi"]
[SourceDate "2008.05.01"]

1. e4 c5 2. Nf3 Nc6 3. d3 g6 4. g3 Bg7 5. Bg2 e6 6. O-O Nge7 7. Re1 d6 8. c3
O-O 9. Be3 h6 10. d4 cxd4 11. Nxd4 d5 12. Na3 e5 13. Nxc6 bxc6 14. Bc5 Be6 15.
Nc2 Re8 16. Qd2 Qd7 17. Ne3 Rad8 18. Rad1 d4 19. cxd4 exd4 20. Nc2 Qc7 21. b3
Qc8 22. Qe2 Bh3 23. Nxd4 Nd5 24. Qc4 Bxg2 25. Kxg2 Nf6 26. Bxa7 Qa8 27. Nxc6
Rc8 28. Rc1 Rxc6 29. Qxc6 Qxa7 30. e5 Re6 31. Qc8+ Ne8 32. a4 Qe7 33. Rc4 Kh7
34. b4 Bxe5 35. Rc6 Nd6 36. Qc7 Qf6 37. Re2 g5 38. h3 Kg7 39. b5 h5 40. Rcc2
Nxb5 41. Qb7 Nd4 42. Red2 Nxc2 43. Rxc2 Bd4 44. a5 Re5 45. a6 Rf5 46. f3 Ra5
47. Qe4 Rxa6 48. Rc8 Ra2+ 49. Kh1 Rf2 0-1

[Event "Copa Ciudad de Berazategui 2008"]
[Site "Berazategui ARG"]
[Date "2008.05.01"]
[Round "1.7"]
[White "Tristan, Leonardo"]
[Black "Caceres Recalde, Fernando"]
[Result "1-0"]
[WhiteElo "2373"]
[BlackElo "1850"]
[PlyCount "35"]
[EventDate "2008.05.01"]
[EventType "swiss"]
[EventRounds "7"]
[EventCountry "ARG"]
[Source "lmi"]
[SourceDate "2008.05.01"]

1. d4 Nf6 2. c4 c5 3. d5 b5 4. Nf3 g6 5. cxb5 a6 6. Qc2 Qb6 7. e4 axb5 8. Nc3
b4 9. Na4 Qa5 10. Qxc5 Qxc5 11. Nxc5 d6 12. Bb5+ Kd8 13. Ng5 Kc7 14. Nxf7 Rg8
15. Nd3 Nxe4 16. Be3 Ba6 17. Rc1+ Kb7 18. Nd8# 1-0

[Event "Copa Ciudad de Berazategui 2008"]
[Site "Berazategui ARG"]
[Date "2008.05.01"]
[Round "1.9"]
[White "Perdomo, Carlos Andres"]
[Black "Fabian, Gaston"]
[Result "1-0"]
[WhiteElo "2353"]
[BlackElo "1840"]
[PlyCount "61"]
[EventDate "2008.05.01"]
[EventType "swiss"]
[EventRounds "7"]
[EventCountry "ARG"]
[Source "lmi"]
[SourceDate "2008.05.01"]

1. c4 e5 2. Nc3 Nc6 3. g3 f5 4. Bg2 Nf6 5. d3 Bb4 6. Bd2 O-O 7. a3 Bxc3 8. Bxc3
d6 9. b4 Qe8 10. b5 Nd8 11. Nf3 Kh8 12. e3 f4 13. gxf4 exf4 14. e4 Qg6 15. Bf1
Bg4 16. Be2 Re8 17. Rg1 Qh5 18. Nd2 Qxh2 19. Rxg4 Nxg4 20. Bxg4 Qg1+ 21. Nf1
Ne6 22. Qf3 Ng5 23. Qxf4 Rf8 24. Qxg5 Qxf2+ 25. Kd1 Qxf1+ 26. Kc2 Qg2+ 27. Kb3
Rf7 28. Qh5 Rf1 29. Bf5 h6 30. Rxf1 Qxf1 31. Qxh6+ 1-0

[Event "Copa Ciudad de Berazategui 2008"]
[Site "Berazategui ARG"]
[Date "2008.05.01"]
[Round "1.11"]
[White "Perelman, Hernan"]
[Black "Piazza, Pablo"]
[Result "1-0"]
[WhiteElo "2343"]
[BlackElo "1820"]
[PlyCount "41"]
[EventDate "2008.05.01"]
[EventType "swiss"]
[EventRounds "7"]
[EventCountry "ARG"]
[Source "lmi"]
[SourceDate "2008.05.01"]

1. d4 Nf6 2. c4 e6 3. g3 d5 4. Nf3 b6 5. Bg2 Ba6 6. cxd5 exd5 7. Nc3 Be7 8. O-O
O-O 9. Ne5 c6 10. Qa4 Bb7 11. Rd1 Qd6 12. Bf4 Qe6 13. Re1 c5 14. Rad1 Rd8 15.
e4 Nxe4 16. Nxe4 dxe4 17. d5 Rxd5 18. Bxe4 Rxd1 19. Rxd1 b5 20. Qc2 Qb6 21. Nd7
1-0

[Event "Copa Ciudad de Berazategui 2008"]
[Site "Berazategui ARG"]
[Date "2008.05.01"]
[Round "1.12"]
[White "Olmos, Sebastian"]
[Black "Iermito, Sebastian"]
[Result "0-1"]
[WhiteElo "1810"]
[BlackElo "2339"]
[PlyCount "68"]
[EventDate "2008.05.01"]
[EventType "swiss"]
[EventRounds "7"]
[EventCountry "ARG"]
[Source "lmi"]
[SourceDate "2008.05.01"]

1. Nc3 c5 2. d3 Nc6 3. e4 g6 4. f4 Bg7 5. Nf3 d6 6. Be3 Nd4 7. Qd2 e6 8. h3 Ne7
9. Bxd4 cxd4 10. Ne2 Qb6 11. c3 dxc3 12. bxc3 O-O 13. d4 Bd7 14. Ng3 Rac8 15.
Bd3 Qa5 16. Ne2 e5 17. c4 Nc6 18. Qxa5 Nxa5 19. Rc1 exf4 20. Nxf4 Bh6 21. g3 b5
22. c5 dxc5 23. Rxc5 Rxc5 24. dxc5 Rc8 25. Nd5 Rxc5 26. Ke2 Bg7 27. g4 h6 28.
g5 hxg5 29. Nxg5 Nc6 30. h4 Bg4+ 31. Kd2 f6 32. Rg1 fxg5 33. Rxg4 Ne5 34. Rg1
Nf3+ 0-1

[Event "Copa Ciudad de Berazategui 2008"]
[Site "Berazategui ARG"]
[Date "2008.05.01"]
[Round "1.13"]
[White "Quiroga, Facundo"]
[Black "Ravier, Osvaldo"]
[Result "1-0"]
[WhiteElo "2331"]
[BlackElo "1751"]
[PlyCount "59"]
[EventDate "2008.05.01"]
[EventType "swiss"]
[EventRounds "7"]
[EventCountry "ARG"]
[Source "lmi"]
[SourceDate "2008.05.01"]

1. d4 Nf6 2. c4 g6 3. Nc3 Bg7 4. e4 d6 5. Be2 O-O 6. Bg5 Re8 7. Qd2 Nbd7 8.
O-O-O Nb6 9. f4 h6 10. Bh4 Be6 11. d5 Bd7 12. e5 Nh7 13. Nf3 Qc8 14. Bf2 Na4
15. Bd4 Nxc3 16. Qxc3 c5 17. dxc6 Bxc6 18. exd6 Bxd4 19. Nxd4 exd6 20. Rd2 Re7
21. Nxc6 bxc6 22. Bf3 Qc7 23. Rhd1 Rd8 24. Qa3 c5 25. Qc3 Qb6 26. h4 Re6 27.
Bd5 Re7 28. f5 g5 29. hxg5 Nxg5 30. Qf6 1-0

[Event "Copa Ciudad de Berazategui 2008"]
[Site "Berazategui ARG"]
[Date "2008.05.02"]
[Round "2.1"]
[White "Catelli, Hernan"]
[Black "Zarnicki, Pablo"]
[Result "0-1"]
[WhiteElo "2183"]
[BlackElo "2515"]
[PlyCount "46"]
[EventDate "2008.05.01"]
[EventType "swiss"]
[EventRounds "7"]
[EventCountry "ARG"]
[Source "lmi"]
[SourceDate "2008.05.01"]

1. c4 g6 2. Nc3 Bg7 3. g3 e5 4. Bg2 f5 5. d3 Nf6 6. e4 O-O 7. Nge2 d6 8. O-O c6
9. d4 Qe7 10. exf5 gxf5 11. h3 Na6 12. f4 exd4 13. Nxd4 Nc5 14. Re1 Qf7 15. b3
Nfe4 16. Nce2 Qg6 17. b4 Ne6 18. Bb2 Rf7 19. Nxf5 Qxf5 20. g4 Qg6 21. f5 Qh6
22. Bc1 Qh4 23. fxe6 Bxe6 0-1

[Event "Copa Ciudad de Berazategui 2008"]
[Site "Berazategui ARG"]
[Date "2008.05.02"]
[Round "2.2"]
[White "Mareco, Sandro"]
[Black "Restuccia, Francisco"]
[Result "1-0"]
[WhiteElo "2470"]
[BlackElo "2160"]
[PlyCount "45"]
[EventDate "2008.05.01"]
[EventType "swiss"]
[EventRounds "7"]
[EventCountry "ARG"]
[Source "lmi"]
[SourceDate "2008.05.01"]

1. b3 Nf6 2. Bb2 g6 3. Bxf6 exf6 4. c4 d5 5. cxd5 Qxd5 6. Nc3 Qa5 7. Nf3 Bg4 8.
e3 Nd7 9. Be2 Ne5 10. O-O O-O-O 11. a3 Nxf3+ 12. Bxf3 Bf5 13. b4 Qa6 14. d4 Bd3
15. b5 Bxb5 16. Nxb5 Qxb5 17. Rb1 Qa5 18. Bxb7+ Kd7 19. Qb3 Be7 20. Qxf7 Rhf8
21. Bc6+ Kd6 22. Qc4 Rb8 23. Be4 1-0

[Event "Copa Ciudad de Berazategui 2008"]
[Site "Berazategui ARG"]
[Date "2008.05.02"]
[Round "2.3"]
[White "Negri, Santiago"]
[Black "Quinteros, Miguel A"]
[Result "0-1"]
[WhiteElo "2153"]
[BlackElo "2433"]
[PlyCount "102"]
[EventDate "2008.05.01"]
[EventType "swiss"]
[EventRounds "7"]
[EventCountry "ARG"]
[Source "lmi"]
[SourceDate "2008.05.01"]

1. d4 Nf6 2. Nf3 g6 3. c4 Bg7 4. Nc3 O-O 5. e4 d6 6. Be2 c5 7. O-O Nc6 8. d5
Na5 9. Bg5 h6 10. Bd2 e5 11. Qc2 b6 12. g3 Nh7 13. Nh4 h5 14. b3 Bh3 15. Ng2 h4
16. Nxh4 Bxf1 17. Bxf1 Nb7 18. Bh3 Bf6 19. Ng2 Kg7 20. Bg4 Be7 21. h4 Nf6 22.
Bh3 Nh5 23. Ne3 Bxh4 24. gxh4 Nf4 25. Bg2 Qxh4 26. Nf1 Rh8 27. Bxf4 exf4 28. f3
Rae8 29. Nd1 Nd8 30. Nf2 f6 31. Ng4 Nf7 32. Qd2 Qg5 33. a3 Rh4 34. Qc3 Nd8 35.
Ra2 Kf7 36. b4 f5 37. Nf2 Kg8 38. bxc5 bxc5 39. Rb2 Nf7 40. Rb7 Ne5 41. Qb3 Re7
42. Rxa7 Nxf3+ 43. Qxf3 Rxa7 44. Qb3 Kh7 45. Nd2 Qe7 46. Nf3 Rh5 47. Qd3 fxe4
48. Nxe4 Rb7 49. Bh3 Qg7 50. Nfg5+ Kh8 51. Bf1 Rb2 0-1

[Event "Copa Ciudad de Berazategui 2008"]
[Site "Berazategui ARG"]
[Date "2008.05.02"]
[Round "2.7"]
[White "Fiori, Hector"]
[Black "Tristan, Leonardo"]
[Result "0-1"]
[WhiteElo "2126"]
[BlackElo "2373"]
[PlyCount "54"]
[EventDate "2008.05.01"]
[EventType "swiss"]
[EventRounds "7"]
[EventCountry "ARG"]
[Source "lmi"]
[SourceDate "2008.05.01"]

1. e4 c5 2. Nf3 Nc6 3. d4 cxd4 4. Nxd4 Nf6 5. Nc3 e5 6. Ndb5 d6 7. Bg5 a6 8.
Na3 b5 9. Nd5 Be7 10. Bxf6 Bxf6 11. c3 O-O 12. Nc2 Bg5 13. h4 Bh6 14. g4 Bf4
15. Qf3 Rb8 16. Nxf4 exf4 17. Qxf4 b4 18. Nd4 Ne5 19. f3 bxc3 20. bxc3 Qa5 21.
Qc1 d5 22. exd5 Qxd5 23. Qf4 Re8 24. Kf2 Bxg4 25. Bxa6 Qd6 26. Qd2 Qxa6 27.
fxg4 Rb2 0-1

[Event "Copa Ciudad de Berazategui 2008"]
[Site "Berazategui ARG"]
[Date "2008.05.02"]
[Round "2.8"]
[White "Aguilar, Juan"]
[Black "Amed, Stephanie"]
[Result "1-0"]
[WhiteElo "2356"]
[BlackElo "2084"]
[PlyCount "139"]
[EventDate "2008.05.01"]
[EventType "swiss"]
[EventRounds "7"]
[EventCountry "ARG"]
[Source "lmi"]
[SourceDate "2008.05.01"]

1. e4 e6 2. d4 d5 3. Nc3 Bb4 4. e5 c5 5. Qg4 Ne7 6. dxc5 Nbc6 7. Bd2 Ng6 8. Nf3
Bxc5 9. Bd3 h5 10. Qg3 Nce7 11. Na4 Bb6 12. Nxb6 Qxb6 13. O-O-O Bd7 14. Bg5 Kf8
15. Kb1 Rc8 16. Nh4 Qb4 17. f4 a5 18. a3 Qc5 19. Rhf1 Nxh4 20. Qxh4 Nf5 21.
Bxf5 exf5 22. Qf2 Qxf2 23. Rxf2 Be6 24. Rf3 a4 25. b3 b5 26. Rd4 f6 27. exf6
gxf6 28. Bxf6 Rg8 29. g3 Kf7 30. Be5 axb3 31. Rxb3 Rc5 32. Bd6 Rc6 33. Be5 Rc5
34. Re3 Rgc8 35. Rd2 Ra8 36. Kb2 Ra4 37. Bd6 Rc6 38. Bb4 Ra7 39. c3 Ra8 40. Re5
Rd8 41. Kc2 Rd7 42. Kd3 Rd8 43. Ke3 Rc4 44. Rd4 Rxd4 45. cxd4 Kf6 46. Kd2 Rc8
47. Bc5 Ra8 48. Kc3 Ra4 49. Bb4 Ra8 50. Re1 Ra6 51. Kb3 Ra7 52. Rc1 Bd7 53. Bd6
Ke6 54. Bc5 Rb7 55. Re1+ Kf6 56. Kb4 Be6 57. Ka5 Rb8 58. Bd6 Rb7 59. Rc1 Bf7
60. Ka6 Rd7 61. Rc6 Be8 62. Be5+ Ke7 63. Kb6 Bf7 64. Kxb5 Ra7 65. Kb6 Ra8 66.
Kb7 Ra4 67. Bd6+ Ke8 68. Bb4 Kd7 69. Rd6+ Ke8 70. Rf6 1-0

[Event "Copa Ciudad de Berazategui 2008"]
[Site "Berazategui ARG"]
[Date "2008.05.03"]
[Round "3.1"]
[White "Zarnicki, Pablo"]
[Black "Iermito, Sebastian"]
[Result "1/2-1/2"]
[WhiteElo "2515"]
[BlackElo "2339"]
[PlyCount "95"]
[EventDate "2008.05.01"]
[EventType "swiss"]
[EventRounds "7"]
[EventCountry "ARG"]
[Source "lmi"]
[SourceDate "2008.05.01"]

1. e4 e6 2. d3 d5 3. Qe2 dxe4 4. dxe4 e5 5. Nf3 Nd7 6. g3 Ngf6 7. Bg2 Bc5 8.
O-O O-O 9. Nh4 c6 10. Nd2 a5 11. Nb3 Bb6 12. Rd1 a4 13. Nd2 Bc5 14. Nc4 Qc7 15.
Bg5 b5 16. Nd2 h6 17. Be3 Qb6 18. Nf1 Bxe3 19. Nxe3 Nc5 20. Nef5 Bxf5 21. Nxf5
Ne6 22. Rd6 Kh7 23. Rad1 Rfd8 24. c3 Qc7 25. Rxd8 Rxd8 26. a3 g6 27. Ne3 Rd6
28. f3 Qd8 29. h4 Nc5 30. Rxd6 Qxd6 31. Qd1 Ne8 32. Bf1 Qxd1 33. Nxd1 Nd6 34.
Ne3 f5 35. exf5 gxf5 36. Kf2 Kg6 37. Nc2 Nb3 38. g4 Na5 39. gxf5+ Kxf5 40. Ne3+
Kf4 41. Ng2+ Kf5 42. Ne3+ Kf4 43. Ng2+ Kf5 44. Bd3+ Ke6 45. Ne3 Nac4 46. Nd1
Kf6 47. Kg3 h5 48. Be4 1/2-1/2

[Event "Copa Ciudad de Berazategui 2008"]
[Site "Berazategui ARG"]
[Date "2008.05.03"]
[Round "3.2"]
[White "Quiroga, Facundo"]
[Black "Mareco, Sandro"]
[Result "1-0"]
[WhiteElo "2331"]
[BlackElo "2470"]
[PlyCount "73"]
[EventDate "2008.05.01"]
[EventType "swiss"]
[EventRounds "7"]
[EventCountry "ARG"]
[Source "lmi"]
[SourceDate "2008.05.01"]

1. d4 Nf6 2. c4 e6 3. Nf3 b6 4. g3 Ba6 5. b3 d5 6. Bg2 Bb4+ 7. Bd2 Be7 8. O-O
O-O 9. Bc3 Nbd7 10. Ne5 Bb7 11. Nd2 c5 12. Nxd7 Qxd7 13. dxc5 bxc5 14. cxd5
exd5 15. Bxf6 Bxf6 16. Rc1 Rac8 17. e4 Rfd8 18. exd5 Bxd5 19. Nc4 Bd4 20. Qc2
Be6 21. Rfe1 g6 22. Qe2 Bg4 23. Ne5 Bxe2 24. Nxd7 Bb5 25. Ne5 Bb2 26. Rb1 Bc3
27. Re3 Bd2 28. Rf3 Be2 29. Rxf7 Re8 30. Rd7 Rxe5 31. Rxd2 Bb5 32. h3 Rc7 33.
Rc1 Kf8 34. Rdc2 Ke7 35. f4 Re3 36. Kf2 Re6 37. Bd5 1-0

[Event "Copa Ciudad de Berazategui 2008"]
[Site "Berazategui ARG"]
[Date "2008.05.03"]
[Round "3.3"]
[White "Quinteros, Miguel A"]
[Black "Blit, Jacques"]
[Result "1/2-1/2"]
[WhiteElo "2433"]
[BlackElo "2317"]
[PlyCount "50"]
[EventDate "2008.05.01"]
[EventType "swiss"]
[EventRounds "7"]
[EventCountry "ARG"]
[Source "lmi"]
[SourceDate "2008.05.01"]

1. c4 f5 2. b3 e5 3. Bb2 Nc6 4. e3 Nf6 5. d4 Bb4+ 6. Bc3 exd4 7. Bxb4 Nxb4 8.
exd4 Qe7+ 9. Be2 Qe4 10. Kf1 Qc2 11. a3 Qb2 12. Nd2 Nc6 13. d5 Ne5 14. Qc1
Qxc1+ 15. Rxc1 c5 16. f4 Nf7 17. Bd3 d6 18. Re1+ Kf8 19. a4 Bd7 20. Ngf3 g6 21.
Kf2 Kg7 22. Re2 Ng4+ 23. Kg3 Nf6 24. Kf2 Ng4+ 25. Kg3 Nf6 1/2-1/2

[Event "Copa Ciudad de Berazategui 2008"]
[Site "Berazategui ARG"]
[Date "2008.05.03"]
[Round "3.4"]
[White "Contin, Daniel"]
[Black "Liascovich, Lucas"]
[Result "0-1"]
[WhiteElo "2303"]
[BlackElo "2419"]
[PlyCount "102"]
[EventDate "2008.05.01"]
[EventType "swiss"]
[EventRounds "7"]
[EventCountry "ARG"]
[Source "lmi"]
[SourceDate "2008.05.01"]

1. c4 e5 2. Nc3 Nf6 3. Nf3 Nc6 4. g3 d5 5. cxd5 Nxd5 6. Bg2 Nb6 7. d3 Be7 8. a3
O-O 9. b4 Be6 10. Rb1 f6 11. O-O Nd4 12. Nd2 c6 13. e3 Nb5 14. Qc2 Nxc3 15.
Qxc3 Ba2 16. Ra1 Bd5 17. e4 Be6 18. Nb3 Rc8 19. Nc5 Bxc5 20. bxc5 Na4 21. Qc2
Qa5 22. Bd2 Qa6 23. Rfc1 b5 24. Rab1 Rcd8 25. f4 Qc8 26. Be3 Qd7 27. Rd1 exf4
28. gxf4 f5 29. Rd2 a5 30. Kh1 Kh8 31. Rf1 Qf7 32. exf5 Bd5 33. Be4 Qxf5 34.
Rg2 Qh3 35. Bd4 Rf7 36. Qf2 Bxe4 37. dxe4 Qd3 38. Be5 Qxe4 39. Re1 Qd5 40. Qg3
Rg8 41. Ba1 Nxc5 42. Re5 Qd6 43. Qh4 Qd1+ 44. Re1 Qf3 45. Kg1 Nd3 46. Rf1 Qe3+
47. Kh1 Qe4 48. h3 Nxf4 49. Rxf4 Qxf4 50. Rxg7 Rgxg7 51. Qd8+ Rf8 0-1

[Event "Copa Ciudad de Berazategui 2008"]
[Site "Berazategui ARG"]
[Date "2008.05.03"]
[Round "3.5"]
[White "Perez Ponsa, Federico"]
[Black "Barrionuevo, Pablo"]
[Result "1/2-1/2"]
[WhiteElo "2281"]
[BlackElo "2401"]
[PlyCount "82"]
[EventDate "2008.05.01"]
[EventType "swiss"]
[EventRounds "7"]
[EventCountry "ARG"]
[Source "lmi"]
[SourceDate "2008.05.01"]

1. e4 e5 2. Nf3 Nf6 3. Nxe5 d6 4. Nf3 Nxe4 5. d4 d5 6. Bd3 Nc6 7. O-O Be7 8. c4
Nb4 9. Be2 O-O 10. a3 Nc6 11. cxd5 Qxd5 12. Nc3 Nxc3 13. bxc3 Bf5 14. Re1 Rfe8
15. c4 Qd7 16. Bb2 Bf6 17. Qd2 Be4 18. d5 Ne5 19. Nxe5 Bxe5 20. Bxe5 Rxe5 21.
Bf1 Ree8 22. Qd4 Bg6 23. g3 b6 24. c5 bxc5 25. Rxe8+ Rxe8 26. Qxc5 Re5 27. Rd1
Bh5 28. Rb1 h6 29. Bg2 Qe7 30. Qc3 Bg6 31. Rc1 Qd6 32. h3 Re7 33. Bf3 Bf5 34.
Bg2 Bg6 35. a4 Qd7 36. Qd4 a6 37. Kh2 Qf5 38. Kg1 Qd3 39. Qc5 Qd2 40. Bf3 Re1+
41. Rxe1 Qxe1+ 1/2-1/2

[Event "Copa Ciudad de Berazategui 2008"]
[Site "Berazategui ARG"]
[Date "2008.05.03"]
[Round "3.7"]
[White "Calderon Fernandez, Gervasio"]
[Black "Aguilar, Juan"]
[Result "1/2-1/2"]
[WhiteElo "2281"]
[BlackElo "2356"]
[PlyCount "69"]
[EventDate "2008.05.01"]
[EventType "swiss"]
[EventRounds "7"]
[EventCountry "ARG"]
[Source "lmi"]
[SourceDate "2008.05.01"]

1. d4 Nf6 2. c4 c5 3. d5 b5 4. cxb5 a6 5. f3 e6 6. e4 axb5 7. Bxb5 Ba6 8. Nc3
Bxb5 9. Nxb5 Qa5+ 10. Nc3 Na6 11. Nge2 c4 12. Be3 Nb4 13. O-O Nd3 14. b3 Bc5
15. Qd2 exd5 16. exd5 Nxd5 17. Bxc5 Qxc5+ 18. Kh1 Nf6 19. Nf4 Nxf4 20. Qxf4 O-O
21. Qxc4 Qxc4 22. bxc4 Rfc8 23. Nd5 Nxd5 24. cxd5 Rc2 25. a4 Rd2 26. Rfb1 Kf8
27. a5 Rxd5 28. a6 Ra7 29. Rb6 Ke7 30. Kg1 Rd6 31. Re1+ Re6 32. Rexe6+ fxe6 33.
Kf2 Kd8 34. Rb8+ Ke7 35. Rb6 1/2-1/2

[Event "Copa Ciudad de Berazategui 2008"]
[Site "Berazategui ARG"]
[Date "2008.05.03"]
[Round "3.8"]
[White "Perdomo, Carlos Andres"]
[Black "Spata, German"]
[Result "1/2-1/2"]
[WhiteElo "2353"]
[BlackElo "2240"]
[PlyCount "98"]
[EventDate "2008.05.01"]
[EventType "swiss"]
[EventRounds "7"]
[EventCountry "ARG"]
[Source "lmi"]
[SourceDate "2008.05.01"]

1. c4 e6 2. g3 Nf6 3. Bg2 d5 4. Nf3 Nbd7 5. O-O c6 6. d4 Bd6 7. Qc2 O-O 8. Nbd2
Qe7 9. Rd1 b6 10. e4 Nxe4 11. Nxe4 dxe4 12. Qxe4 Bb7 13. Bg5 Nf6 14. Bxf6 gxf6
15. Rac1 Rad8 16. Re1 f5 17. Qc2 Qf6 18. Ne5 Bxe5 19. dxe5 Qe7 20. c5 Qxc5 21.
Qxc5 bxc5 22. Rxc5 Rd2 23. Rb1 Rfd8 24. Bf3 R8d4 25. Ra5 a6 26. b4 Kg7 27. Kf1
f6 28. exf6+ Kxf6 29. Ke1 e5 30. a3 e4 31. Be2 Ra2 32. Rd1 Rd5 33. Ra4 Ke5 34.
Bxa6 Bxa6 35. Rxa6 Rxd1+ 36. Kxd1 Rxf2 37. Rxc6 Rxh2 38. Rc5+ Kd4 39. Rxf5 Kd3
40. Rd5+ Ke3 41. b5 Ra2 42. b6 Rxa3 43. Rb5 Ra1+ 44. Kc2 Ra8 45. b7 Rb8 46. g4
h6 47. Kc3 Kf4 48. Kd4 e3 49. Kd3 Kf3 1/2-1/2

[Event "Copa Ciudad de Berazategui 2008"]
[Site "Berazategui ARG"]
[Date "2008.05.03"]
[Round "3.9"]
[White "Perez Pietronave, Carlos"]
[Black "Scarella, Enrique Alejandro"]
[Result "0-1"]
[WhiteElo "2219"]
[BlackElo "2349"]
[PlyCount "107"]
[EventDate "2008.05.01"]
[EventType "swiss"]
[EventRounds "7"]
[EventCountry "ARG"]
[Source "lmi"]
[SourceDate "2008.05.01"]

1. e4 e5 2. Nc3 Nf6 3. f4 d5 4. fxe5 Nxe4 5. d3 Nxc3 6. bxc3 d4 7. Nf3 dxc3 8.
d4 Be6 9. Bd3 Be7 10. O-O Nc6 11. Be4 Bd5 12. Qe2 Qd7 13. Rb1 Rd8 14. Rxb7 Nxd4
15. Nxd4 Bc5 16. Kh1 Bxd4 17. e6 Qxe6 18. Qb5+ c6 19. Bxd5 cxb5 20. Bxe6 fxe6
21. Ba3 Bf6 22. g4 h6 23. Re1 e5 24. Bb4 a6 25. Bxc3 O-O 26. Ra7 e4 27. Ba5 Rc8
28. Re2 Rc6 29. Kg2 e3 30. Rc7 Rxc7 31. Bxc7 Bd4 32. h4 h5 33. gxh5 Kh7 34. Bd6
Rf5 35. Be7 Kh6 36. Bg5+ Kxh5 37. c3 Bc5 38. Kg3 Rf2 39. Rxf2 exf2 40. Kg2 Kg4
41. Kf1 Kf3 42. h5 Be3 43. Be7 Bd2 44. Bb4 Be1 45. a3 Kg4 46. Bf8 Bxc3 47. h6
gxh6 48. Kxf2 h5 49. Bd6 h4 50. Ke3 h3 51. Bh2 Bb2 52. a4 bxa4 53. Kd3 a3 54.
Kc2 0-1

[Event "Copa Ciudad de Berazategui 2008"]
[Site "Berazategui ARG"]
[Date "2008.05.03"]
[Round "3.12"]
[White "Dimuro, Matias"]
[Black "Alonso, Salvador"]
[Result "0-1"]
[WhiteElo "2143"]
[BlackElo "2420"]
[PlyCount "86"]
[EventDate "2008.05.01"]
[EventType "swiss"]
[EventRounds "7"]
[EventCountry "ARG"]
[Source "lmi"]
[SourceDate "2008.05.01"]

1. d4 d5 2. c4 c6 3. Nf3 Nf6 4. Nc3 dxc4 5. a4 Bf5 6. Ne5 Nbd7 7. Nxc4 Nb6 8.
Ne5 a5 9. g3 e6 10. Bg2 Bb4 11. O-O h6 12. e3 O-O 13. Qe2 Bh7 14. Rd1 Qe7 15.
e4 Nfd7 16. Nxd7 Nxd7 17. Be3 Rfd8 18. Rac1 Rac8 19. d5 cxd5 20. exd5 Nc5 21.
dxe6 fxe6 22. Nb5 Kh8 23. Bd4 Nxa4 24. Qe3 Nc5 25. Be5 Rxd1+ 26. Rxd1 Qg5 27.
f4 Qg6 28. Bd4 Qc2 29. Rf1 Ne4 30. Nc3 Nxc3 31. bxc3 Bxc3 32. Bxc3 Qxc3 33.
Qxe6 Qc5+ 34. Kh1 Bf5 35. Qe2 Rd8 36. g4 Bd3 37. Qd2 Qb4 38. Qd1 Rd4 39. Qc1
Qc4 40. Qe1 Bxf1 41. Bxf1 Qd5+ 42. Kg1 Qd7 43. h3 Rxf4 0-1

[Event "Copa Ciudad de Berazategui 2008"]
[Site "Berazategui ARG"]
[Date "2008.05.03"]
[Round "4.1"]
[White "Liascovich, Lucas"]
[Black "Perelman, Hernan"]
[Result "1/2-1/2"]
[WhiteElo "2419"]
[BlackElo "2343"]
[PlyCount "23"]
[EventDate "2008.05.01"]
[EventType "swiss"]
[EventRounds "7"]
[EventCountry "ARG"]
[Source "lmi"]
[SourceDate "2008.05.01"]

1. d4 c5 2. d5 Nf6 3. Bg5 Qb6 4. Nc3 Qxb2 5. Bd2 Qb6 6. e4 e5 7. f4 d6 8. Rb1
Qc7 9. Nf3 a6 10. a4 exf4 11. Bxf4 Bg4 12. h3 1/2-1/2

[Event "Copa Ciudad de Berazategui 2008"]
[Site "Berazategui ARG"]
[Date "2008.05.03"]
[Round "4.2"]
[White "Scarella, Enrique Alejandro"]
[Black "Quiroga, Facundo"]
[Result "1-0"]
[WhiteElo "2349"]
[BlackElo "2331"]
[PlyCount "107"]
[EventDate "2008.05.01"]
[EventType "swiss"]
[EventRounds "7"]
[EventCountry "ARG"]
[Source "lmi"]
[SourceDate "2008.05.01"]

1. d4 Nf6 2. Nf3 e6 3. g3 b6 4. Bg2 Bb7 5. c4 Be7 6. Nc3 Ne4 7. Bd2 f5 8. d5
Bf6 9. Qc2 O-O 10. Rd1 Na6 11. O-O Nac5 12. b4 Bxc3 13. Bxc3 Nxc3 14. Qxc3 Ne4
15. Qb3 Qf6 16. Nd4 exd5 17. cxd5 Nd6 18. e3 a5 19. b5 a4 20. Qb4 Ra5 21. Rc1
Rc8 22. Rc2 Qf8 23. Rb2 a3 24. Rb3 Qf7 25. Rc1 g6 26. Rbc3 Bxd5 27. Rxc7 Rxc7
28. Rxc7 Ne8 29. Bxd5 Qxd5 30. Rc8 Kf7 31. Rd8 Ra8 32. Rxa8 Qxa8 33. Qb3+ Kf8
34. Nc2 Qe4 35. Qxa3+ d6 36. Qb3 g5 37. Nd4 h6 38. Qc2 Qxc2 39. Nxc2 Ke7 40.
Kf1 Kf6 41. Ke2 Ke5 42. Nb4 Nf6 43. f3 g4 44. Nc6+ Kd5 45. Nd4 Ke5 46. a4 gxf3+
47. Kxf3 Ne4 48. Nc6+ Kd5 49. Kf4 Nc3 50. Kxf5 Nxa4 51. g4 Nc3 52. Nd4 Ne4 53.
h4 Ng3+ 54. Kf6 1-0